Christoph Willibald Gluck (1714-1787), Ifigenie v Aulidě : tragická opera o třech dějstvích z roku 1774 v hudební a textové úpravě Richarda Wagnera z roku 1847 :

Korporativní autor: Národní divadlo moravskoslezské. Opera
Další autoři: Racine, Jean, 1639-1699, Wagner, Richard, 1813-1883, Tichák, Viktor, 1990-, Du Roullet, François-Louis Gand Le Bland, 1716-1786., Divadlo Antonína Dvořáka (Ostrava, Česko)
Jazyk: Čeština
Vydáno: Ostrava : Národní divadlo moravskoslezské, [2017]
Témata:
Fyzický popis: 107 stran, 12 nečíslovaných stran obrazových příloh : ilustrace (některé barevné), portréty ; 21 cm
Knihy
Uloženo v:
LEADER 03098nam a2200673 i 4500
001 nkc20172961605
003 CZ PrNK
005 20220908130436.0
007 ta
008 171208s2017 xr acf e 000 0ccze
020 |a 978-80-88180-30-2  |q (brožováno) :  |c Kč 45,00 
040 |a BOA001  |b cze  |d ABA001  |e rda 
041 1 |a cze  |k ger  |h fre 
043 |a e-gx---  |a e-xr---  |b e-xr-mo  |2 czenas 
045 |a y1y1 
072 7 |a 792  |x Divadlo. Divadelní představení  |2 Konspekt  |9 3 
080 |a 782  |2 MRF 
080 |a 792.54  |2 MRF 
080 |a (430)  |2 MRF 
080 |a (437.326)  |2 MRF 
080 |a (083.97)  |2 MRF 
080 |a (0:82-293.1)  |2 MRF 
245 0 0 |a Christoph Willibald Gluck (1714-1787), Ifigenie v Aulidě :  |b tragická opera o třech dějstvích z roku 1774 v hudební a textové úpravě Richarda Wagnera z roku 1847 : 
246 3 0 |a Ifigenie v Aulidě 
246 1 8 |a Christoph Willibald Gluck, Ifigenie v Aulidě 
264 1 |a Ostrava :  |b Národní divadlo moravskoslezské,  |c [2017] 
300 |a 107 stran, 12 nečíslovaných stran obrazových příloh :  |b ilustrace (některé barevné), portréty ;  |c 21 cm 
336 |a text  |b txt  |2 rdacontent 
337 |a bez média  |b n  |2 rdamedia 
338 |a svazek  |b nc  |2 rdacarrier 
500 |a Částečně přeloženo z německé verze francouzského originálu? 
500 |a Na obálce: Národní divadlo moravskoslezské, opera : premiéry 14. a 16. prosince 2017 v Divadle Antonína Dvořáka 
505 2 |a Ifigenie v Aulidě / Christoph Willibald Gluck ; libreto François-Louis Gand Le Bland Du Roullet podle tragédie Iphigénie Jeana Racina ; textová úprava Richard Wagner ; přeložil Viktor Tichák 
610 2 7 |a Divadlo Antonína Dvořáka (Ostrava, Česko)  |7 kn20010709303  |2 czenas 
648 4 |a 1774 
648 7 |a 2017  |7 ch1095534  |2 czenas 
648 7 |a 18. století  |7 ch460556  |2 czenas 
648 7 |a 2011-2020  |7 ch460589  |2 czenas 
650 0 7 |a opery  |7 ph123760  |z Německo  |y 18. století  |2 czenas 
650 0 7 |a operní inscenace  |7 ph137507  |z Česko  |y 2011-2020  |2 czenas 
650 0 9 |a operas  |z Germany  |y 18th century  |2 eczenas 
650 0 9 |a opera productions  |z Czechia  |y 2011-2020  |2 eczenas 
651 7 |a Ostrava (Česko)  |7 ge128537  |2 czenas 
651 9 |a Ostrava (Czechia)  |2 eczenas 
655 7 |a divadelní programy  |7 fd132033  |2 czenas 
655 7 |a operní libreta  |7 fd184679  |2 czenas 
655 9 |a playbills  |2 eczenas 
655 9 |a librettos  |2 eczenas 
700 1 |a Racine, Jean,  |d 1639-1699  |7 jn19992000933  |4 ant 
700 1 |a Wagner, Richard,  |d 1813-1883  |7 jn19981002383  |4 edt 
700 1 |a Tichák, Viktor,  |d 1990-  |7 mzk20181019092  |4 trl 
700 1 2 |a Du Roullet, François-Louis Gand Le Bland,  |d 1716-1786.  |t Iphigénie en Aulide.  |l Česky  |7 aun2018987988 
710 2 |a Národní divadlo moravskoslezské.  |b Opera  |7 kn20120605013  |4 orm  |4 isb 
710 2 |a Divadlo Antonína Dvořáka (Ostrava, Česko)  |7 kn20010709303  |4 orm 
910 2 |a BOA001  |b 2-1401.105 
990 |a BK 
995 |a 11 
991 |b 201801  |c NOV 
996 6 |b 2610730323  |c 2-1401.105  |l MZK  |r Sklad / do 1 hodiny  |n 0  |p p.v.  |w 001645886  |u 000010  |a 1  |e BOA001  |j MZK50  |s P